The Fugitive / (Record no. 15378)
[ view plain ]
| 000 -LEADER | |
|---|---|
| fixed length control field | 01064nam a22002417a 4500 |
| 008 - FIXED-LENGTH DATA ELEMENTS--GENERAL INFORMATION | |
| fixed length control field | 110525s2008 enk|||||r|||| 000 j eng d |
| 020 ## - INTERNATIONAL STANDARD BOOK NUMBER | |
| International Standard Book Number | 1405876913 |
| 020 ## - INTERNATIONAL STANDARD BOOK NUMBER | |
| International Standard Book Number | 9781405876919 |
| 020 ## - INTERNATIONAL STANDARD BOOK NUMBER | |
| International Standard Book Number | 9781405879040 (CD-ROM) |
| 082 ## - DEWEY DECIMAL CLASSIFICATION NUMBER | |
| Edition number | 22 |
| Classification number | 428.6 |
| Item number | DIL |
| 100 ## - MAIN ENTRY--PERSONAL NAME | |
| 9 (RLIN) | 24072 |
| Personal name | Dillard, J. M. |
| 245 ## - TITLE STATEMENT | |
| Title | The Fugitive / |
| Statement of responsibility, etc | J M Dillard; Retold by Michael Nation |
| 260 ## - PUBLICATION, DISTRIBUTION, ETC. (IMPRINT) | |
| Place of publication, distribution, etc | Harlow : |
| Name of publisher, distributor, etc | Pearson Education, 2008 |
| Date of publication, distribution, etc | 2008 |
| 300 ## - PHYSICAL DESCRIPTION | |
| Extent | v, 48 p. : |
| Other physical details | col. ill. ; |
| Dimensions | 20 cm. + |
| Accompanying material | 1 CD-ROM (4 3/4 in.) |
| 490 ## - Series Statement | |
| -- | 5756 |
| Series statement | Penguin readers ; |
| -- | Level 3 |
| 521 ## - TARGET AUDIENCE NOTE | |
| Target audience note | A2: Pre-Intermediate |
| 650 ## - SUBJECT ADDED ENTRY--TOPICAL TERM | |
| 9 (RLIN) | 24032 |
| Topical term or geographic name as entry element | High interest-low vocabulary books |
| 653 ## - INDEX TERM--UNCONTROLLED | |
| Resource For college | |
| Arrived date list | May2011 |
| 700 ## - ADDED ENTRY--PERSONAL NAME | |
| 9 (RLIN) | 24073 |
| Personal name | Nation, Michael |
| Relator term | nrt |
| 942 ## - ADDED ENTRY ELEMENTS (KOHA) | |
| Source of classification or shelving scheme | Dewey Decimal Classification |
| Item type | Book - Borrowing |
| Withdrawn status | Item status | Source of classification or shelving scheme | Damaged status | Not for loan | Vendor | Home library | Current library | Shelving location | Date acquired | Source of acquisition | Cost, normal purchase price | Serial Enumeration / chronology | Total Checkouts | Total Renewals | Full call number | Barcode | Date last seen | Date last borrowed | Cost, replacement price | Koha item type | Materials specified (bound volume or other part) |
|---|---|---|---|---|---|---|---|---|---|---|---|---|---|---|---|---|---|---|---|---|---|
| Lost and Paid For | Dewey Decimal Classification | Baccah | Central Library | Central Library | Second Floor | 25/05/2011 | Purchase | 40.00 | 12341 | 4 | 6 | 428.6 DIL | 000023692 | 20/05/2015 | 20/05/2015 | 50.00 | Book - Borrowing | ||||
| Dewey Decimal Classification | Baccah | Central Library | Central Library | Second Floor | 25/05/2011 | Purchase | 40.00 | 428.6 DIL | 000023693 | 24/08/2022 | 50.00 | CD | DVD - With book | Lost In Inventory_2015-8-23 |